000 00576nam a2200253Ia 4500
003 0100
008 130303s9999 xx 000 0 und d
020 _a0070037205
040 _cARRUPELIB
050 _aBC108.B25 1980
100 _aBarker, Stephen F
245 4 _aThe elements of logic
250 _a3rd ed.
260 _aNew York
260 _bMcGraw-Hill Company
260 _C1980
300 _a339p.
300 _b 24cm.
650 _aLOGIC
650 _bChild psychology
650 _cInfant psychology
650 _dChild development
942 0 0 _01
999 _c23237
_d23237